00735nam a2200217 4500999001900000005001700019010001500036020002600051035001400077037001300091082001100104100001500115245007700130260004300207270004300250300002600293700001600319700001900335942002500354952013800379 c188883d18888320220607112001.0 aENG-133068 a9789386866042c800.00 aEN-116600 bDBAD/PUB a230.35 aPuri, J.R. aTulsi Sahib:bSaint of Hathras/cJ.R. Puri, V.K. Sethi and T.R. Shangari aPunjabbRadha Soami Satsang Beasc2017 aDera Baba Jaimal SinghbPunjabe143204 axi, 348p.c23cm (hbk) aSethi, V.K. aShangari, T.R. 2ddccENh230.35mPUR 001040708NFICaBL1bBL1d2022-06-07eDBAD/PUBg800.00l2m2o230.35 PURpEN-116600r2023-12-30 00:00:00s2023-12-16t1v800.00yEN